000 00491cam a2200193ua 4500
001 8130
008 150109n ii |||gr||||Z||||||hin
040 _cMAIN
041 _ahin
082 _a891.431
100 _aSharma, R. C. D.,
_eEditor.
245 1 _aHindi kavita-sankalan
_cEdited by Paresh Chandra Dev Sharma
250 _a1st.
260 _aGuwahati:
_bAssam,
_c1978.
300 _a172p.
653 _aEast Indo-European & Celtic literatures
653 _aHindi poems
942 _cBK
999 _c7245
_d7245